[Event "IECC M email"]
[Site "IECC email"]
[Date "1999.01.13"]
[Round "?"]
[White "Ventimiglia, Charles"]
[Black "Smith, Carmen"]
[Result "1-0"]
[WhiteElo "1774"]
[BlackElo "1779"]
[PlyCount "53"]
[EventDate "1999.??.??"]
[EventType "tourn (corr)"]
[EventRounds "6"]
[SourceTitle "Corr 2008"]
[Source "ChessBase"]
[SourceDate "2008.06.24"]
[SourceVersion "1"]
[SourceVersionDate "2008.06.24"]
[SourceQuality "1"]

1. d4 Nc6 2. d5 Ne5 3. Nc3 c6 4. e4 d6 5. f4 Ng6 6. Nf3 e6 7. dxe6 fxe6 8. e5 Nh6 9. Bd3 Nh4 10. Nxh4 Qxh4+ 11. g3 Qd8 12. exd6 Bxd6 13. Qh5+ Nf7 14. Bxh7 Bb4 15. Bd2 Qf6 16. 0-0-0 Bd7 17. Ne4 Bxd2+ 18. Rxd2 Qe7 19. Nd6+ Kf8 20. Qxf7+ Qxf7 21. Nxf7 Rxh7 22. Ng5 Rh6 23. Rxd7 Rb8 24. Rhd1 Rxh2 25. Nxe6+ Ke8 26. Rxg7 Rh8 27. Rdd7 1-0